| 000 | 01800cam a22004454i 4500 | ||
|---|---|---|---|
| 003 | PE-LiUPU | ||
| 005 | 20250731173442.0 | ||
| 008 | 150616s r 000 0 d | ||
| 035 | _a(Sirsi) a5764 | ||
| 040 |
_aPE-LiUPU _bspa _cPE-LiUPU _erda |
||
| 049 | _aPRUA | ||
| 082 | 0 | 4 |
_a236 _bE24 _221 |
| 110 | 2 | _aEditorial C.A.P | |
| 245 | 1 | 0 | _aEscatología Bíblica. |
| 264 | 1 |
_as.d. : _bEditorial C.A.P, _cs.f. |
|
| 300 |
_a84 páginas ; _c21 cm. |
||
| 336 |
_atext _2rdacontent |
||
| 337 |
_aunmediated _2rdamedia |
||
| 338 |
_avolume _2rdacarrier |
||
| 505 | 0 | _aEl Origen Profético de la Iglesia Adventista del Septimo Día.- Marco histórico del movimiento Adventista.- La predicación más plena del Triple Mensaje.- Consejos de E.G.W. acerca de la obra a favor de los judíos.- El papel de Israel en la profecía del Antiguo Testamento.- Programa de Escatología Bíblica.- Lista comparativas de las trompetas y las plagas.- La naturaleza religiosa moral del Armagedón, confirmada por el Espíritu de Profecía. | |
| 526 | _aSEG42 | ||
| 526 | _aSEG41 | ||
| 526 | _aSEG40 | ||
| 526 | _aSEG39 | ||
| 526 | _aP94 | ||
| 526 | _aP87 | ||
| 526 | _aP86 | ||
| 526 | _aP85 | ||
| 526 | _aP77 | ||
| 526 | _aP76 | ||
| 526 | _aP35 | ||
| 650 | 0 | 4 | _aESCATOLOGIA - HERMENEUTICA BIBLICA. |
| 910 |
_ajck _bjvq _cjck |
||
| 942 |
_2ddc _cBOOK |
||
| 949 |
_a236 E24 _wDEWEY _c1 _i39289 _lCCODEBUL1 _mBUL _p00.00 _r0 _sY _tBOOK _u19951005 _xTEOLOGIA _zUNKNOWN _0COMPRA _o.STAFF. Colección General |
||
| 994 |
_aC0 _bPEPRU |
||
| 596 | _a1 | ||
| 999 |
_a236 E24 _wDEWEY _c56827 _i39289 _d56827 _e2018-5-7 _f2021-11-10 _g5 _lCCODEBUL1 _mBUL _n2 _q3 _r0 _sY _tBOOK _u2015-6-16 _xTEOLOGIA _zUNKNOWN _0COMPRA _o.STAFF. Colección General |
||
| 980 |
_81 _gALBERTO SANCHEZ Responsable de Automatización |
||